000 00601nam a2200217 i 4500
001 16294
003 ES-MaACL
005 20230906151301.0
007 t|
008 000825s1993 sp ||||1| spa d
020 _a84-339-2076-6
080 _a821.134.2-31"19"
100 1 _aPuértolas, Soledad.
_994193
245 1 0 _aTodos mienten /
_cSoledad Puértolas.
260 _aBarcelona :
_bAnagrama,
_c[1993]
300 _a186 p. ;
_c19 cm.
490 1 _aCompactos Anagrama ;
_v72
830 0 _aCompactos Anagrama ;
_v72
_9180205
852 _aES-MaACL
_jL-23554
_bR.128332
999 _c16294
_d16294